Campeões da Copinha - Statistics

Estatísticas Gerais
  • Esse quiz foi jogado 116 vezes
  • A pontuação média é 17 de 21
Estatísticas das Respostas
Hint Resposta % Correto
2004 Corinthians
98%
2005 Corinthians
98%
2009 Corinthians
98%
2012 Corinthians
98%
2015 Corinthians
98%
2017 Corinthians
98%
2013 Santos
97%
2014 Santos
97%
2011 Flamengo
96%
2016 Flamengo
96%
2018 Flamengo
96%
2000 São Paulo
96%
2010 Sao Paulo
96%
2019 São Paulo
96%
2020 Internacional
93%
2007 Cruzeiro
82%
2002 Portuguesa
41%
2006 America De Rio Preto
37%
2003 Santo André
36%
2008 Figueirense
31%
2001 Roma Barueri
30%
Nenhum quiz correspondente encontrado
Distribuição das Pontuações
Porcentagem de Pessoas com Cada Pontuação
Percentil de Números Respondidos
Sua Pontuação Histórica
Você não jogou esse quiz